Cơ sở thiết kế chống gió với cầu dây nhịp lớn

Nội dung chính của cuốn sách là đưa ra những hướng dẫn cơ bản về thiết kế chóng gió cho các cầu dây văng và cầu dây võng ( xét cả giai đoạn thi công và khai thác cầu ).

保存先:
書誌詳細
第一著者: Nguyễn, Viết Trung
フォーマット: 図書
言語:Undetermined
出版事項: Hà Nội Xây dựng 2006
主題:
タグ: タグ追加
タグなし, このレコードへの初めてのタグを付けませんか!
Thư viện lưu trữ: Trung tâm Học liệu Trường Đại học Cần Thơ
LEADER 01070nam a2200217Ia 4500
001 CTU_120482
008 210402s9999 xx 000 0 und d
020 |c 31000 
082 |a 624.5 
082 |b Tr513 
100 |a Nguyễn, Viết Trung 
245 0 |a Cơ sở thiết kế chống gió với cầu dây nhịp lớn 
245 0 |c Nguyễn Viết Trung, Phạm Hữu Sơn, Vũ Văn Toàn 
260 |a Hà Nội 
260 |b Xây dựng 
260 |c 2006 
520 |a Nội dung chính của cuốn sách là đưa ra những hướng dẫn cơ bản về thiết kế chóng gió cho các cầu dây văng và cầu dây võng ( xét cả giai đoạn thi công và khai thác cầu ). 
650 |a Suspension bridges,Bridges,Cầu dây treo,Cầu cống 
650 |x Design and construction,Design and construction,Thiết kế và xây dựng,Thiết kế và xây dựng 
904 |i QHieu 
980 |a Trung tâm Học liệu Trường Đại học Cần Thơ